000 01085nam a2200325 i 4500
003 EG-GICUC
005 20260425202930.0
008 260425s1963 fr |||fr|||| 00| 0 fre d
020 _a2247003435
040 _aEG-GiCUC
_bfre
_cEG-GiCUC
_dEG-GiCUC
_eRda
082 0 4 _221
_a343.6
_bBO . T
092 0 4 _221
099 _aLaw1 10 343.6 BO . T 1963
100 1 _aBouzat, Pierre
_eAuteur
245 1 0 _aTraite De Droit Pénal Et De Criminologie.
_nTom I,
_pDroit Pénal Général /
_cPar Pierre Bouzat, Jean Pinatel.
264 1 _aParis :
_bLibrarie Dalloz,
_c1963.
264 3 _aFrance :
_bImp. Jouve
300 _a714 page ;
_c 24 cm.
_billustration ;
336 _2rda contenu
_a texte
337 _2rda medias
_aOrdinateur
338 _2 transporteur rda
_a Ressource en ligne
504 _aBibliography: pages 200-250. 240-220
650 1 _aCriminologie
_2qrmak
650 1 _aDroit Do Pénal
_2qrmak
651 1 _2qrmak
700 1 _aPinatel, Jean
_eCo-Auteur
856 4 0 _uhttps://fll.law.cu.edu.eg/fulltext/bks/B10-10602.pdf
905 _a54
942 _2ddc
_cBK
_e21
_n0
999 _c73359
_d73359